MARC

Tag First Indicator Second Indicator Subfields
LEADER 00000cas a2200000 a 4500
001 in00003402612
005 20151205190313.0
006 m o d
007 cr nn|||||||||
008 030107c19949999pauqr p o 0 a0eng
010 |a  2011235815 
016 7 |a 2093838-X  |2 DE-600 
019 |a 123532546  |a 643689070 
022 0 |a 2168-5509  |l 1079-3739  |y 1079-3739  |2 1 
029 1 |a OCLCS  |b 37802 
029 1 |a OCLCS  |b OP-22333 
029 1 |a NZ1  |b 8693247 
029 1 |a AU@  |b 000025128944 
029 1 |a AU@  |b 000024301712 
029 1 |a AU@  |b 000028663578 
029 1 |a AU@  |b 000043830113 
029 1 |a AU@  |b 000044922178 
029 1 |a DEBBG  |b BV022202183 
029 1 |a AU@  |b 000045709150 
029 1 |a NZ1  |b 13430414 
029 1 |a AU@  |b 000025408698 
030 |a JHHAEJ 
035 |a (OCoLC)ocm51321203 
035 |a (OCoLC)51321203  |z (OCoLC)123532546  |z (OCoLC)643689070 
037 |b Southern Public Administration Education Foundation, P.O. Box 632, Randallstown, Md. 21133 
040 |a HUA  |b eng  |c HUA  |d OCLCQ  |d EYM  |d CUD  |d AU@  |d DEBBG  |d CASUM  |d HUL  |d DLC  |d OCLCQ  |d TXA  |d UtOrBLW 
042 |a pcc  |a nsdp 
043 |a n-us--- 
049 |a TXAM 
050 1 4 |a RA1  |b .J68 Electronic 
060 0 0 |a W1  |b JO6694J 
082 1 0 |a 362.1  |b J8 H4  |2 14 
130 0 |a Journal of health and human services administration (Online) 
222 0 |a Journal of health and human services administration  |b (Online) 
245 1 0 |a Journal of health and human services administration. 
246 1 |a JHHSA 
264 1 |a Randallstown, Md. :  |b Southern Public Administration Education Foundation,  |c 1994- 
310 |a Quarterly 
336 |a text  |b txt  |2 rdacontent 
337 |a computer  |b c  |2 rdamedia 
338 |a online resource  |b cr  |2 rdacarrier 
362 1 |a Began with: Vol. 17, no. 1 (summer 1994). 
500 |a Place of publication varies: Harrisburg, PA, 2002-2006; Elizabethtown, PA, 2007- 
538 |a Mode of access: World Wide Web. 
588 |a Description based on: Vol. 17, no. 1 (summer 1994); title from PDF cover (JSTOR, viewed August 12, 2011). 
588 |a Latest issue consulted: Vol. 32, no. 3 (winter 2009) (JSTOR, viewed July 02, 2012). 
500 |a Electronic resource. 
650 0 |a Health services administration  |v Periodicals. 
650 0 |a Public welfare administration  |v Periodicals. 
650 0 |a Health services administration  |z United States  |v Periodicals. 
650 0 |a Public welfare administration  |z United States  |v Periodicals. 
650 2 |a Delivery of Health Care  |x organization & administration  |v Congresses. 
650 2 |a Delivery of Health Care  |x organization & administration  |v Periodicals. 
650 2 |a Health Services Administration  |v Congresses. 
650 2 |a Health Services Administration  |v Periodicals. 
650 2 |a Social Work  |x organization & administration  |v Congresses. 
650 2 |a Social Work  |x organization & administration  |v Periodicals. 
655 7 |a Electronic journals.  |2 local 
655 4 |a Fulltext. 
655 4 |a Internet Resource. 
655 4 |a Periodical. 
710 2 |a Southern Public Administration Education Foundation (U.S.) 
776 0 8 |i Print version:  |t Journal of health and human services administration  |x 1079-3739  |w (DLC) 95657086  |w (OCoLC)31384814 
780 0 0 |t Journal of health and human resources administration  |w (DLC) 2011235816  |w (OCoLC)610458099 
948 |a cataloged  |b h  |c 2013/8/15  |d c  |e spoltoratski  |f 3:19:30 pm  |g sc 
994 |a C0  |b TXA 
999 |a MARS 
999 f f |s 55861fa4-917c-3045-b4dc-7383c30935cf  |i 448b1a6c-c1bf-3f70-a9f6-28fa78e2d515  |t 0 
952 f f |a Texas A&M University  |b College Station  |c Electronic Resources  |s www_evans  |d Available Online  |t 0  |e RA1 .J68  |g Electronic  |h Library of Congress classification 
998 f f |a RA1 .J68  |t 0  |l Available Online